000 01480nam0a2200325 4500
001 RU\NLR\bibl\522214
005 20250609145144.0
010 _a5-8268-0723-7
_9130
021 _aRU
_b2004-21440
_91087
035 _a(NLR Aleph) 000514609
090 _a1254761
_c1254761
100 _a20040520d2003 |||y0rusy50 ca
101 0 _arus
102 _aRU
105 _aa |||||||||
200 1 _aПроективные свойства фигур
_eУчеб. пособие
_fО.Р. Каюмов
_gМ-во образования Рос. Федерации, Тар. филиал Ом. гос. пед. ун-та
210 _aОмск
_cОмГПУ
_d2003
215 _a125 с.
_cил.
_d20
313 _aУч.пособие для ВУЗа
320 _aБиблиогр.: с. 125 (11 назв.)
606 0 _aПроективная геометрия
_jРуководства, пособия и т.п. для высшей школы
_9936767
_3RU\NLR\auth\6627287
606 0 _aПроективная геометрия
_jУчебные издания для высших учебных заведений
_9936767
_3RU\NLR\auth\6627287
686 _aВ181.18я73-1
700 1 _4070
_aКаюмов
_bО. Р.
_cд-р физ.-мат. наук, математика, экономика
_gОлег Рашидович
_9153389
_3RU\NLR\AUTH\770153427
801 0 _aRU
_bNLR
_c20040520
_gPSBO
801 1 _aRU
_bNLR
_c20040520
942 _cBOOK
980 _aNB